000 00740nam a2200205 i 4500
001 128056
003 ES-MaACL
005 20250809030824.0
007 t|
008 070214s1922 fr r ||||1| fre d
100 1 _aRipert, Georges.
_997419
245 1 0 _aDroit maritime /
_cGeorges Ripert.
250 _a2ª. ed.
260 _aParis :
_b[s.n.],
_c1922 (
_fA. Dhvier)
300 _a3 v. ;
_c23 cm.
505 8 _aContiene: Tome I. Navigation. Navires. Personnel. Armateurs. Créanciers. Tome II. Crédit maritime. Fortune de mer. Transports maritimes. Tome III. Abordage et assistance. Avaries communes. Assurances maritimes
650 0 7 _aDerecho marítimo
_2embne
_911730
852 _aES-MaACL
_jB-5477-79
999 _c128056
_d128056